Coupe du Monde de Football 1930 (click quiz) - Statistiques

Statistiques générales
  • Ce quiz a été pris 64 fois
  • Le résultat moyen est 8 sur 13
Statistiques - réponses
Hint Réponse % Correct
Roumanie Premier tour
84%
Uruguay Vainqueur
82%
Belgique Premier tour
78%
Bolive Premier tour
74%
Pérou Premier tour
74%
France Premier tour
70%
Paraguay Premier tour
68%
Yougoslavie Demi-finale
58%
Argentine Finaliste
58%
Chili Premier tour
58%
Mexique Premier tour
56%
Etats-Unis Demi-finale
54%
Brésil Premier tour
28%
Aucun quiz correspondant
Distribution des résultats
% des personnes avec chaque résultat
Percentile par nombre de réponses
Votre historique - résultats
Vous n’avez pas pris ce quiz